74th Hunger Games Bunker Quiz Stats

Quiz Updated Nov 21, 2014

Challenge
Share
Tweet
Embed
Score 0/15 Timer 04:00
4 Plays Today
Question Answer % Correct
????
100%
????
83.1%
????
82.3%
????
61.5%
????
57.4%
????
45.6%
????
32.5%
????
31.8%
Question Answer % Correct
????
28.9%
????
19.7%
????
18.5%
????
17.7%
????
15.6%
????
13%
????
5.1%

You're not logged in!

Compare scores with friends on all Sporcle quizzes.
Join for Free
OR
Log In

You Might Also Like...

Show Comments

Extras

Top Quizzes Today


Score Distribution

Your Account Isn't Verified!

In order to create a playlist on Sporcle, you need to verify the email address you used during registration. Go to your Sporcle Settings to finish the process.

Report this User

Report this user for behavior that violates our Community Guidelines.

Details: